000 00644nam a2200193Ia 4500
003 GCL
008 140319s9999 xx 000 0 ara d
040 _aGCL /
_cGCL
082 0 4 _a810.9
_bا ا
100 1 _aالطاهر احمد مكى
245 1 0 _aادب ونقد: مجلة كل المثقفين العرب /
_cالطاهر احمد مكى
300 _a160 ص
490 _aالهيئة العامة للاستعلامات
_v0
650 0 4 _aالادب العربى
650 0 4 _aالنقد الادبى
650 0 4 _aالادب العربى - تاريخ
650 0 4 _aالادب العربى - تاريخ ونقد
942 _2ddc
_cBK
999 _c51028
_d51028